Statistics for All Maggie Rogers Songs

Click here to take the quiz!

General Stats

  • This quiz has been taken 37 times
  • The average score is 16 of 36

Answer Stats

AlbumSong% Correct
Now That the Light Is FadingAlaska
96%
Heard It in a Past LifeLight On
84%
Single #2Love You for a Long Time
76%
Heard It in a Past LifeFallingwater
72%
Now That the Light Is FadingOn + Off
68%
Heard It in a Past LifeGive a Little
64%
Heard It in a Past LifeBurning
60%
Now That the Light Is FadingDog Years
60%
Blood BalletBlood Ballet
56%
Heard It in a Past LifePast Life
56%
Heard It in a Past LifeRetrograde
56%
Heard It in a Past LifeSay It
52%
Heard It in a Past LifeThe Knife
52%
Heard It in a Past LifeBack in My Body
48%
Heard It in a Past LifeOvernight
48%
SingleSplit Stones
48%
Blood BalletOn the Page
44%
Blood BalletResonant Body
44%
Now That the Light Is FadingColor Song
40%
Blood BalletJames
40%
Blood BalletLittle Joys
40%
The EchoWolves
40%
Blood BalletAnybody
36%
Now That the Light Is FadingBetter
36%
The EchoKids Like Us
36%
The EchoSatellite
36%
Blood BalletSymmetry
36%
The EchoA Love Letter
24%
The EchoBy Morning
24%
The EchoCreatures
24%
The EchoDeep in the Earth
24%
Blood BalletDrift
24%
The EchoEcho Hymn (Intro)
24%
The EchoEmbers
24%
Blood BalletGood Heart
24%
The EchoYou (Embers Reprise)
24%

Score Distribution

Percentile by Number Answered

Percent of People with Each Score

Your Score History

You have not taken this quiz